Managing across borders : The transnational solution

Na minha lista:
Detalhes bibliográficos
Autor principal: Bartlett, Christopher A.
Formato: Livro
Idioma:Undetermined
Publicado em: Boston Harvard Business School 1991
Assuntos:
Tags: Adicionar Tag
Sem tags, seja o primeiro a adicionar uma tag!
Thư viện lưu trữ: Trung tâm Học liệu Trường Đại học Cần Thơ
LEADER 00583nam a2200205Ia 4500
001 CTU_99524
008 210402s9999 xx 000 0 und d
082 |a 658.049 
082 |b B333 
100 |a Bartlett, Christopher A. 
245 0 |a Managing across borders : 
245 4 |b The transnational solution 
245 0 |c Christopher A. Bartlett 
260 |a Boston 
260 |b Harvard Business School 
260 |c 1991 
650 |a International business enterprises 
650 |x Management 
904 |i Tuyến 
980 |a Trung tâm Học liệu Trường Đại học Cần Thơ